=LDR 00000nam 2200000 4500 =001 INLIS000000000006739 =005 20130612094837 =008 ***********************************Ind** =035 ##$$0010-061300000006739 =041 ##$$a Ind =082 ##$$a 2x6.2 =090 ##$$a 2x6.2, Ass p =100 ##$$a Assyaukanie, Luthfi =245 ##$$a Politik, HAM, dan isu-isu teknologi dalam fiqih kontemporer, Luthfi Assyaukanie =260 ##$$a 21 cm $b Bandung =300 ##$$a xviii, 224 hlm., 21 cm =650 ##$$a Islam-Politik =850 ##$$a NBPNMAT